Ładuje się......

South Indian studies

Opis bibliograficzny
1. autor: Nagaswamy R
Format: Printed Book
Wydane: Madras: Society for archaeological historical and epigraphical research.
Hasła przedmiotowe:
LEADER 00447nam a22001214a 4500
082 |a 954.8 
100 |a Nagaswamy R , 
260 |a Madras:  |b Society for archaeological historical and epigraphical research. 
650 |a South Indian studies 
245 |a South Indian studies  |c by R Nagaswamy 
942 |c BK 
999 |c 248231  |d 248231 
952 |0 0  |1 0  |4 0  |6 954_800000000000000_NAG  |7 0  |8 G  |9 263583  |a HIS  |b HIS  |d 2020-01-04  |l 0  |o 954.8 NAG  |p HIS6702  |r 2020-01-04  |t 1  |w 2020-01-04  |y BK